000 006950000a22002170004500
001 11338
010 _a972-37-0409-9
090 _a11338
100 _a20040413d1997 k y0pory5003 ba
101 0 _apor
_cger
102 _aPT
200 1 _aA lenda do santo bebedor
_fJoseph Roth
_gtrad. e pref. Álvaro Gonçalves
210 _aLisboa
_cAssírio & Alvim
_d1997
215 _a86, [2] p
225 2 _aO imaginário
_v32
304 _aTít. orig. : Die legende vom heilingen trinker.
675 _a821.112.2(436)-31"19"
_vBN
_zpor
700 1 _aRoth
_bJoseph
_f1894-1939
702 1 _922445
_4730
_aGonçalves
_bÁlvaro
942 _cMON
_n0
999 _a11338
_bBibliobase - BMTAV
_c2019-01-21